000 00498nam a2200157Ia 4500
008 100122s9999 xx 000 0 und d
082 _b56304
_a928
100 _aमाडगूळकर व्यंकटेश
245 _aमी आणि माझा बाप
250 _a0
260 _bपद्मगंधा प्रकाशन
_c1998
300 _a96
630 _aमी आणि माझा बाप
730 _aमी आणि माझा बाप
942 _cBOOK
999 _c432763
_d432760